Normal view
MARC view
Entry Topical Term
001 - CONTROL NUMBER
- control field: 907
003 - CONTROL NUMBER IDENTIFIER
- control field: BD-RjUL
005 - DATE AND TIME OF LATEST TRANSACTION
- control field: 20220126110744.0
008 - FIXED-LENGTH DATA ELEMENTS
- fixed length control field: 220126|| aca||aabn | a|a d
040 ## - CATALOGING SOURCE
- Original cataloging agency: BD-RjUL
- Transcribing agency: BD-RjUL
150 ## - HEADING--TOPICAL TERM
- Topical term or geographic name entry element: লোকসাহিত্যে
- Form subdivision: দর্শন
- Geographic subdivision: বাংলাদেশ
670 ## - SOURCE DATA FOUND
- Source citation: Work cat.: (BD-RjUL)79256: চৌধুরী, তাহসিনা. রওনক 906, বাংলাদেশের লোকসাহিত্যে দর্শনের উপাদান /, ২০১৪